| 000 | 00882nam a2200229Ia 4500 | ||
|---|---|---|---|
| 003 | OSt | ||
| 005 | 20260525201755.0 | ||
| 008 | 160316s2013 xxu||||| |||| 00| 0 eng d | ||
| 082 | _a341.754 NAT | ||
| 245 |
_aOrientation program for I.E.S. officers : _bsource material for circulation among participants only 25th to 29th November 2013 (part-01) / _cNLSIU |
||
| 250 | _aPart 01 | ||
| 260 |
_aBangalore : _bNational Law School of India University, _c2013. |
||
| 300 |
_a1-359 p. ; _c26 cm. |
||
| 650 | _aDivisions - laws | ||
| 650 | _aConstitution - constitutionalism | ||
| 650 | _aControl - legislation - role of law - separation of laws | ||
| 650 | _aJudicial review - administrative - discretion - law | ||
| 650 | _aPractice - Procedure - administrative adjudication | ||
| 700 |
_aNLSIU _a |
||
| 856 | _uhttps://dans.nls.ac.in/handle/123456789/2300 | ||
| 942 |
_2ddc _cREP |
||
| 999 |
_c36251 _d36251 |
||